Missing Word: Pink Floyd Songs (A-Z) II Quiz Stats

 Plays Quiz Updated Oct 25, 2017

Challenge
Share
Tweet
Embed
Score 0/22 Timer 03:00
0 Plays Today
Song Title Missing Word % Correct
The Show ____ Go OnMust
97.2%
What Do ___ Want From MeYou
95.3%
Coming ____ to LifeBack
95.2%
___ of These DaysOne
92.5%
Don't Leave Me ___Now
90.6%
___ Like HellRun
88%
____ HopesHigh
87.1%
___ and FlowEbb
80.4%
Signs of ____Life
79.1%
_______ Cruel WorldGoodbye
73%
Things Left ______Unsaid
64.3%
Song Title Missing Word % Correct
____ of WarDogs
62.3%
Pigs (_____ Different Ones)Three
60.3%
Lost For _____Words
59%
Have a _____Cigar
56.8%
The Thin ___Ice
55.5%
A Saucerful of _______Secrets
42.2%
________ DomineAstronomy
33.2%
In the _____Flesh
31.6%
The ____ War DreamPost
28.3%
The Grand _______ Garden PartyVizier's
15%
Up the ______Khyber
14.1%

Today's Daily Dose

You're not logged in!

Compare scores with friends on all Sporcle quizzes.
Join for Free
OR
Log In

You Might Also Like...

Show Comments

Extras

Top Quizzes Today


Score Distribution

Your Account Isn't Verified!

In order to create a playlist on Sporcle, you need to verify the email address you used during registration. Go to your Sporcle Settings to finish the process.

Report this User

Report this user for behavior that violates our Community Guidelines.

Details: